| 000 | 00495nam a2200181Ia 4500 | ||
|---|---|---|---|
| 001 | 18078 | ||
| 005 | 20260306171604.0 | ||
| 008 | 260306s9999||||xx |||||||||||||| ||und|| | ||
| 041 | _aESP | ||
| 082 |
_a658.40098 _bC18 |
||
| 100 |
_aCaldart, Adrián A. _eAUT |
||
| 245 | 0 |
_aGeneral management in Latin and Ibero-American organizations: _ba humanistic perspective |
|
| 260 | _c2020 | ||
| 300 |
_axviii, 277 páginas : _c24 cm. |
||
| 650 | _aGEN | ||
| 654 | _aCAN | ||
| 942 |
_cLIB _dJUS _fJUS _2ddc _n |
||
| 999 |
_c18078 _d18078 |
||